000 00503nam a22001817a 4500
003 MN-UlNLM
005 20250122145846.0
008 241021s2024 mp ||||| |||| 00| 0 mon d
020 _a9789919036867
040 _bmon
084 _2NNA
_a84(5Мон)-44
_bБ 341
_q84
100 1 _aБаттулга С.
245 1 _aЗүүдний хураангуй
_bӨгүүллэг
_cРед. Д.Ганболд
260 1 _aУБ
_bЖиком пресс
_c2024
300 _a128х
546 _amon
942 _cBK
999 _c1145456
_d1145513